|
|
|
|
| LEADER |
00000nam0a2200000 4500 |
| 001 |
57335 |
| 005 |
20231031054159.0 |
| 035 |
|
|
|a (RuTPU)RU\TPU\book\60479
|
| 090 |
|
|
|a 57335
|
| 100 |
|
|
|a 20031028d2003 k y0rusy50 ca
|
| 101 |
0 |
|
|a rus
|
| 102 |
|
|
|a RU
|
| 105 |
|
|
|a a dm 001zy
|
| 200 |
1 |
|
|a Электронно-лучевая технология получения нанодисперсных порошков диоксида кремния при атмосферном давлении
|e автореферат диссертации на соискание ученой степени кандидата технических наук
|e Спец.: 05.17.11
|f А. И. Корчагин
|g Институт ядерной физики СО РАН; науч. рук. С. П. Бардаханов
|
| 210 |
|
|
|a Томск
|c [Б. и.]
|d 2003
|
| 215 |
|
|
|a 17 с.
|c ил.
|
| 300 |
|
|
|a Защита сост. 7.10.2003
|
| 320 |
|
|
|a Библиогр.: с. 16 -17 (18 назв.)
|
| 452 |
|
1 |
|0 (RuTPU)RU\TPU\book\62931
|t Электронно-лучевая технология получения нанодисперсных порошков диоксида кремния при атмосферном давлении
|o Автореферат диссертации на соискание ученой степени кандидата технических наук:
|f А. И. Корчагин
|g Институт ядерной физики СО РАН; Науч. рук.: С. П. Бардаханов
|c Томск
|n Б.и.
|d 2003
|a Корчагин, Алексей Иванович
|
| 610 |
1 |
|
|a металлообработка
|
| 610 |
1 |
|
|a нанодисперсные порошки
|
| 610 |
1 |
|
|a концентрированный пучок
|
| 610 |
1 |
|
|a применение
|
| 610 |
1 |
|
|a технология
|
| 610 |
1 |
|
|a электроны
|
| 610 |
1 |
|
|a генерация
|
| 610 |
1 |
|
|a использование
|
| 610 |
1 |
|
|a свойства
|
| 610 |
1 |
|
|a наноматериалы
|
| 610 |
1 |
|
|a авторефераты диссертаций
|
| 675 |
|
|
|a 621.762.2(04)
|v 3
|
| 686 |
|
|
|a 05.17.11
|2 oksvnk
|
| 700 |
|
1 |
|a Корчагин
|b А. И.
|g Алексей Иванович
|
| 702 |
|
1 |
|a Бардаханов
|b С. П.
|g Сергей Прокопьевич
|4 727
|
| 712 |
0 |
2 |
|a Российская академия наук (РАН)
|b Сибирское отделение (СО)
|b Институт ядерной физики им. Г. И. Будкера (ИЯФ)
|c (Новосибирск)
|2 stltpush
|3 (RuTPU)RU\TPU\col\4002
|
| 801 |
|
1 |
|a RU
|b 63413507
|c 20031028
|g PSBO
|
| 801 |
|
2 |
|a RU
|b 63413507
|c 20080404
|g PSBO
|
| 942 |
|
|
|c BK
|